| 000 | 00514nam a2200181Ia 4500 | ||
|---|---|---|---|
| 003 | GCL | ||
| 008 | 140319s9999 xx 000 0 ara d | ||
| 040 |
_aGCL / _cGCL |
||
| 082 | 0 | 4 |
_a320.5 _bل د |
| 100 | 1 | _aلويس عوض | |
| 245 | 1 | 0 |
_aدراسات فى النظم والمذاهب / _cلويس عوض |
| 300 | _a298 ص | ||
| 490 |
_aكتاب الهلال _v0 |
||
| 650 | 0 | 4 | _aالسياسة |
| 650 | 0 | 4 | _aالمذاهب الاقتصادية |
| 650 | 0 | 4 | _aالمذاهب السياسية |
| 942 |
_2ddc _cBK |
||
| 999 |
_c46964 _d46964 |
||